India encircled / (Record no. 148079)
[ view plain ]
| 000 -LEADER | |
|---|---|
| fixed length control field | 00545nam a22001937a 4500 |
| 005 - DATE AND TIME OF LATEST TRANSACTION | |
| control field | 20171219152743.0 |
| 010 ## - LCCN (DPL NO) | |
| LC control number | ENG-121921 |
| 020 ## - INTERNATIONAL STANDARD BOOK NUMBER | |
| International Standard Book Number | 9788190461627 |
| Terms of availability | 195.00 |
| 035 ## - SYSTEM CONTROL NUMBER | |
| System control number | EN-105453 |
| 037 ## - SOURCE OF ACQUISITION | |
| Source of stock number/acquisition | DBAD/PUB |
| 082 ## - DEWEY DECIMAL CLASSIFICATION NUMBER | |
| Classification number | 954 |
| 100 ## - MAIN ENTRY--PERSONAL NAME | |
| Personal name | Singh,Sangram |
| 245 ## - TITLE STATEMENT | |
| Title | India encircled / |
| Statement of responsibility, etc | by Sangram Singh |
| 260 ## - PUBLICATION, DISTRIBUTION, ETC. (IMPRINT) | |
| Place of publication, distribution, etc | Panchkula(H.R) |
| Name of publisher, distributor, etc | Swastik prakashan |
| Date of publication, distribution, etc | 2012 |
| 270 ## - ADDRESS | |
| Address | S.C.O.43,First floor Swastik Viahr |
| City | Panchkula(H.R) |
| 300 ## - PHYSICAL DESCRIPTION | |
| Extent | 84P. |
| Dimensions | 23cm(Hb) |
| 700 ## - ADDED ENTRY--PERSONAL NAME | |
| Personal name | Singh,Sangram |
| 942 ## - ADDED ENTRY ELEMENTS (KOHA) | |
| Source of classification or shelving scheme | Dewey Decimal Classification |
| Item type | English Books |
| Classification part | 954 |
| Call number suffix | SIN |
| Withdrawn status | Lost status | Not for loan | Collection code | Home library | Current library | Date acquired | Source of acquisition | Cost, normal purchase price | Full call number | Barcode | Copy number | Cost, replacement price | Koha item type |
|---|---|---|---|---|---|---|---|---|---|---|---|---|---|
| Not For Loan | Non-fiction | D.B.Act.Division | Bawana | 19/12/2017 | DBAD/PUB | 195.00 | 954 SIN | EN-105453 | 1 | 195.00 | English Books |
